01082nam a2200253 a 450000100100000000500170001000800410002702000150006804000250008324500950010825000120020326000720021530000280028749000510031550000210036650400320038750400730041970000390049270000450053171000720057683000580064895201050070699900170081100004131920201002034802.0130925s2000 sp 001 0 spa d a8481640522 aDO-SdBNPbspacBNPHU00aEl derecho y la justicia /cedición de Ernesto Garzón Valdés y Francisco J. Laporta. a2a. ed. aMadrid :bConsejo Superior de Investigaciones Científicas,c2000. a554 p. :bil, ;c24 cm.1 aEnciclopedia iberoamericana de filosofíav11 aIncluye índice aBibliografía : p. 551-554 aIncluye referencias bibliográficas y notas al pie de las páginas1 aLaporta, Francisco J.,eed.9679491 aaGarzón Valdés, Ernesto,eed.9679502 aConsejo Superior de Investigaciones Científicas,(España)967570 0aEnciclopedia iberoamericana de filosofíav11915735 001050718MOaGRbGRcCTd2013-09-30iLF1l0o p41319-10r2020-06-25w2020-06-25y1ZNo se presta c40809d40809